| 000 | 00501cam a22001691 4500 | ||
|---|---|---|---|
| 001 | 7380139 | ||
| 005 | 20250714141540.0 | ||
| 008 | 750512s1940 xx 000 0 eng | ||
| 050 | 0 | 0 |
_aBT111 _b.K55 |
| 100 | 1 |
_aLEONARD HODGSON _d1862-1953. |
|
| 245 | 1 | 4 | _aThe doctrine of the Trinity, |
| 260 |
_aNew York, _bChales scribner's & Sons _c[c1940] |
||
| 300 |
_aix, 293 p. _c21 cm. |
||
| 500 | _aTranslation of Le Dieu des chrétiens, notre foi en la Trinité. | ||
| 650 | 0 | _aTrinity. | |
| 942 |
_2lcc _cBK _n0 |
||
| 999 |
_c6960 _d6960 |
||